[Event "Barcelona Sant Marti op-A 20th"]
[Site "Barcelona"]
[Date "2018.07.14"]
[Round "2"]
[White "Miciano, John Marvin"]
[Black "Persson, Andreas"]
[Result "1-0"]
[WhiteElo "2411"]
[BlackElo "2126"]
[PlyCount "109"]
[EventDate "2018.07.13"]
[EventType "swiss"]
[EventRounds "9"]
[EventCountry "ESP"]
[SourceTitle "CBM 185 Extra"]
[Source "ChessBase"]
[SourceDate "2018.07.29"]
[SourceVersion "1"]
[SourceVersionDate "2018.07.29"]
[SourceQuality "1"]

1. g3 d5 2. Bg2 Nf6 3. d3 e6 4. Nd2 Be7 5. e4 c5 6. Ngf3 Nc6 7. 0-0 0-0 8. Re1 Qc7 9. Qe2 b5 10. a4 b4 11. Nb3 Ba6 12. Bf4 Qd8 13. exd5 exd5 14. Ne5 Nxe5 15. Bxe5 Rc8 16. Qf3 Bb7 17. Bh3 Rc6 18. Re2 Bc8 19. Bxc8 Rxc8 20. Rae1 Qd7 21. a5 Bd8 22. Kg2 h6 23. h3 Qc6 24. Qf4 Re8 25. Bd6 Rxe2 26. Rxe2 Bc7 27. Bxc7 Qxc7 28. Qf5 Rd8 29. Re5 Qd6 30. Re3 g6 31. Qe5 Qxe5 32. Rxe5 c4 33. Nd4 cxd3 34. cxd3 Rd6 35. Re7 Ra6 36. Nb3 d4 37. Rc7 Kf8 38. Rc4 Nd5 39. Rxd4 Rd6 40. Rc4 Ke7 41. Rc8 Kf6 42. Ra8 Ne7 43. Rxa7 Rxd3 44. Nc5 Rd8 45. Rb7 Nd5 46. Nd7+ Ke6 47. Nb8 Rc8 48. a6 Rc5 49. a7 Ra5 50. Nc6 Ra4 51. Rb8 Nc7 52. Rxb4 Rxb4 53. Nxb4 Kd6 54. Kf3 Kc5 55. Na6+ 1-0

[Event "Barcelona Sant Marti op-A 20th"]
[Site "Barcelona"]
[Date "2018.07.13"]
[Round "1"]
[White "Persson, Andreas"]
[Black "Ghelani, Dhairya"]
[Result "1-0"]
[WhiteElo "2126"]
[BlackElo "1778"]
[PlyCount "77"]
[EventDate "2018.07.13"]
[EventType "swiss"]
[EventRounds "9"]
[EventCountry "ESP"]
[SourceTitle "CBM 185 Extra"]
[Source "ChessBase"]
[SourceDate "2018.07.29"]
[SourceVersion "1"]
[SourceVersionDate "2018.07.29"]
[SourceQuality "1"]

1. d4 Nf6 2. Bf4 e6 3. e3 c5 4. c3 Qb6 5. Qb3 Nc6 6. Nd2 d5 7. Ngf3 Qxb3 8. axb3 cxd4 9. exd4 Be7 10. h3 0-0 11. Bd3 a6 12. 0-0 Bd7 13. b4 Na7 14. Nb3 Bb5 15. Bxb5 Nxb5 16. Nc5 Bxc5 17. bxc5 a5 18. Ra4 Ra6 19. Rfa1 Rfa8 20. Ne5 h6 21. Kf1 g5 22. Bh2 Ne4 23. Ke1 Nf6 24. Kd2 b6 25. cxb6 Rxb6 26. Rxa5 Rxa5 27. Rxa5 Ne4+ 28. Ke2 Nbd6 29. Ra8+ Kg7 30. Nd3 Nc4 31. f3 Nf6 32. b4 Nd7 33. Ra7 Nb8 34. Nc5 Kg6 35. Ra8 Nc6 36. Nd7 Rb7 37. Rg8+ Kh5 38. Nf6+ Kh4 39. Kf2 1-0

[Event "South Wales op 15th"]
[Site "Cardiff"]
[Date "2018.07.11"]
[Round "7"]
[White "Whitehead, Mark A"]
[Black "Persson, Andreas"]
[Result "0-1"]
[WhiteElo "1906"]
[BlackElo "2126"]
[PlyCount "98"]
[EventDate "2018.07.07"]
[EventType "swiss"]
[EventRounds "9"]
[EventCountry "WLS"]
[SourceTitle "EXT 2019"]
[Source "ChessBase"]
[SourceDate "2018.10.10"]
[SourceVersion "1"]
[SourceVersionDate "2018.10.10"]
[SourceQuality "1"]

1. e4 e5 2. Nf3 Nc6 3. Bb5 a6 4. Ba4 Nf6 5. 0-0 Be7 6. Re1 b5 7. Bb3 0-0 8. a4 b4 9. d3 d6 10. a5 Rb8 11. Nbd2 Nd7 12. Bc4 Nc5 13. h3 Be6 14. Nf1 Bxc4 15. dxc4 Qd7 16. Qd5 Rfd8 17. Ng3 g6 18. b3 Bf6 19. Qd1 Nb7 20. Nh2 Nd4 21. Ng4 Bg7 22. Bg5 Re8 23. Qd2 Qe6 24. Bh6 Bxh6 25. Nxh6+ Kf8 26. Ng4 f6 27. Ne3 c5 28. Nd5 Qf7 29. Ne2 Nc6 30. Ra2 Kg7 31. Rea1 Nbd8 32. c3 bxc3 33. Qxc3 Ne6 34. Rb2 Ned4 35. Nc1 Rb7 36. Rab1 Nb4 37. Nxb4 Rxb4 38. Kf1 Reb8 39. Nd3 R4b7 40. b4 cxb4 41. Rxb4 Qc7 42. Rxb7 Rxb7 43. Rxb7 Qxb7 44. Qb4 Qxe4 45. Ne1 Qe2+ 46. Kg1 Kh6 47. Nf3 Qd1+ 48. Kh2 Nxf3+ 49. gxf3 Qxf3 0-1

[Event "SWE-chT 1718 Superettan"]
[Site "Sweden"]
[Date "2018.03.17"]
[Round "8"]
[White "Schutz, Ingemar"]
[Black "Persson, Andreas"]
[Result "1-0"]
[WhiteElo "2189"]
[BlackElo "2155"]
[PlyCount "127"]
[EventDate "2017.10.20"]
[EventType "team-tourn"]
[EventRounds "9"]
[EventCountry "SWE"]
[SourceTitle "EXT 2019"]
[Source "ChessBase"]
[SourceDate "2018.10.10"]
[SourceVersion "1"]
[SourceVersionDate "2018.10.10"]
[SourceQuality "1"]
[WhiteTeam "Norrkoping Schack 08"]
[BlackTeam "Kristallens"]
[WhiteTeamCountry "SWE"]
[BlackTeamCountry "SWE"]

1. e4 e5 2. Nf3 Nc6 3. Bb5 a6 4. Ba4 Nf6 5. 0-0 Be7 6. Re1 b5 7. Bb3 0-0 8. d3 d6 9. c3 Nb8 10. Nbd2 Nbd7 11. Nf1 Nc5 12. Bc2 Re8 13. d4 Ncd7 14. Ng3 Bb7 15. b4 Bf8 16. a4 g6 17. Bb2 Nb6 18. axb5 axb5 19. Bd3 c6 20. Qb3 Qc7 21. Rad1 Bg7 22. h4 Ng4 23. h5 d5 24. exd5 Nxd5 25. hxg6 hxg6 26. c4 Nf4 27. Nxe5 Nxe5 28. dxe5 Bxe5 29. Bxe5 Rxe5 30. c5 Rae8 31. Rxe5 Qxe5 32. Ne4 Bc8 33. Nd6 Be6 34. Qc2 Ra8 35. Bf1 Bd5 36. Qd2 Ra2 37. Qe3 Qxe3 38. fxe3 Ne2+ 39. Kh2 Nc3 40. Rd4 Be6 41. e4 Ra1 42. Bd3 Rd1 43. Nb7 Na2 44. Rd6 Nxb4 45. Be2 Re1 46. Bf3 Rc1 47. e5 Re1 48. Bxc6 Nxc6 49. Rxc6 Rxe5 50. Rb6 Bd5 51. c6 Re7 52. Na5 Rc7 53. Rxb5 Be6 54. Rb7 Rc8 55. c7 Bd7 56. Nc4 Kf8 57. Nb6 Ke7 58. Nxc8+ Bxc8 59. Rb3 Kd7 60. Rc3 Bb7 61. Kg3 Kc8 62. Kf2 Bd5 63. g3 Be6 64. Ke3 1-0